01008nam a2200253 a 450000100060000000300080000600500170001400800410003103500190007204000260009104100080011708200220012524501980014726000380034530000250038349000750040850500130048365000300049670000300052670000270055694200120058399900170059595201420061268377BD-RjUL20211209081749.0170402s1963 nyua|||| |||| 00| 0 eng d a(BD-RjUL)68587 aBD-RjULbengcBD-RjUL aeng 223a535bDEV 19630 aDevelopments in applied spectroscopy : bproceedings of the Thirteenth Annual Symposium on Spectroscopy, held in Chicago, Illinois, April 30-May 3, 1962 /cedited by John R Ferraro & J S Ziomek aNew York :bPlenum press,cc1963. av. :bill. ;c24 cm.0 aA publication of the society for applied spectroscopy, Chicago section aVol.2--- aSpectrum analysis9202721 aFerraro, John R. 9202722 aZiomek, J. S. 9202723 2ddccBK c68377d68377 00102ddc40718NFICaRUCLbRUCLcReadingd1963-12-30eZeitlingerg100.00l0o535 DEV V-2 1963r2017-04-02 00:00:00tC-1w2017-04-02yBK